Top 15 Covid-19 getroffen landen - 9 juni - Statistieken

Algemene statistieken
  • Deze quiz is 4 keer genomen
  • De gemiddelde score is 10 van 26
Antwoordstatistieken
land % Correct
België
100%
Brazilië
100%
Verenigde Staten
100%
Duitsland
75%
Frankrijk
75%
Italië
75%
Mexico
75%
Rusland
75%
Spanje
75%
Verenigd Koninkrijk
75%
Ierland
50%
Turkije
50%
Chili
25%
Chili
25%
India
25%
Zweden
25%
Armenië
0%
Bahrein
0%
Iran
0%
Koeweit
0%
Peru
0%
Qatar
0%
Saoedi-Arabië
0%
Singapore
0%
Verenigde Arabische Emiraten
0%
Wit-Rusland
0%
Geen overeenkomende quizzen gevonden
Scoreverdeling
Procent van Mensen met Elke Score
Percentiel versus Aantal Correcte Antwoorden
Uw Scoregeschiedenis
U heeft deze quiz nog niet genomen